| 000 | 00495nam a22001577a 4500 | ||
|---|---|---|---|
| 008 | 130821s1932 be gr fre | ||
| 040 |
_aCo-BoUCM _bspa |
||
| 041 | 0 | 0 | _afre |
| 245 | 0 | 0 |
_aPsalmi et cantica explicata in ordine ad recitationem breviarii _cHeeren, Vander |
| 250 | _a4a. ed. | ||
| 260 |
_aBruges (Bélgica) _bCar. Beyaert Ed. _c1932 |
||
| 300 | _a520 páginas | ||
| 500 | _aIncluye índice | ||
| 942 |
_cLIBRO _a4 _e4 _mP71 _n0 _2DEWEY _h264 |
||
| 999 |
_c88000 _d88000 |
||